00281nam a22000977a 4500008004100000020001500041100002400056245003900080260004400119300002000163160311b xxu||||| |||| 00| 0 eng d a0195132823 aPhillips H. Kenneth aDirecting The Choral Music Program aNew YorkbOxford University Pressc2004 axii,420p.bill.